Geography Quiz

Random Geography or City Quiz

North American Cities in Central Time Zone Quiz Stats

 Plays Quiz Updated Feb 1, 2015

Challenge
Share
Tweet
Embed
Score 0/15 Timer 06:00
0 Plays Today
% Correct
Chicago
93.4%
Kansas City
92.5%
Houston
89.2%
Oklahoma City
88.5%
New Orleans
84.7%
Milwaukee
82.6%
Omaha
80.4%
Memphis
76.1%
% Correct
Corpus Christi
71%
Mexico City
67.4%
Nashville
65.6%
Birmingham
59.8%
Winnipeg
58.5%
San Salvador
51.9%
Acapulco
37.4%

You're not logged in!

Compare scores with friends on all Sporcle quizzes.
Join for Free
OR
Log In

You Might Also Like...

Show Comments

Extras

Top Quizzes Today


Score Distribution

Your Account Isn't Verified!

In order to create a playlist on Sporcle, you need to verify the email address you used during registration. Go to your Sporcle Settings to finish the process.

Report this User

Report this user for behavior that violates our Community Guidelines.

Details: